| 000 | 00531nam a22002177a 4500 | ||
|---|---|---|---|
| 005 | 20260513125947.0 | ||
| 008 | 260513b |||||||| |||| 00| 0 eng d | ||
| 020 |
_a9789332575738 _c1100.00 |
||
| 040 | _aMAIN | ||
| 041 | _aEnglish | ||
| 082 |
_a550 _bKUM |
||
| 100 |
_aKump, Lee R. _926340 |
||
| 245 | _aEarth System | ||
| 250 | _a3rd | ||
| 260 |
_aNoida _bPearson _c2016 |
||
| 300 | _a462 | ||
| 650 |
_aGeology (PM USHA) _926712 |
||
| 700 |
_aKasting, James F. _926341 |
||
| 700 |
_aCrane, Robert G. _926342 |
||
| 942 | _cBK | ||
| 999 |
_c60783 _d60783 |
||